Farms and estates (Record no. 104639)

MARC details
000 -LEADER
fixed length control field 01945cam a2200277 4500
001 - CONTROL NUMBER
control field ##L131093
008 - FIXED-LENGTH DATA ELEMENTS--GENERAL INFORMATION
fixed length control field 050927n2005 000 0 eng u
020 ## - INTERNATIONAL STANDARD BOOK NUMBER
International Standard Book Number 0853089841
035 ## - SYSTEM CONTROL NUMBER
System control number (Sirsi) u131093
041 0# - LANGUAGE CODE
Language code of text/sound track or separate title eng
050 04 - LIBRARY OF CONGRESS CALL NUMBER
Classification number 346.410438 $2 18
100 1# - MAIN ENTRY--PERSONAL NAME
Personal name Jessel, Christopher
245 00 - TITLE STATEMENT
Title Farms and estates
Remainder of title a conveyancing handbook
250 ## - EDITION STATEMENT
Edition statement 2nd
260 ## - PUBLICATION, DISTRIBUTION, ETC.
Place of publication, distribution, etc. Bristol
Name of publisher, distributor, etc. Jordan Publishing Ltd
Date of publication, distribution, etc. 2005
300 ## - PHYSICAL DESCRIPTION
Extent xxv, 272p
Dimensions 26cm.
350 ## - PRICE (NR) (BK AM CF MU VM SE) [OBSOLETE]
Price 49.50
505 2# - FORMATTED CONTENTS NOTE
Formatted contents note Introduction -- The transaction -- The sale -- The principals -- Local variations -- The professional team -- The land -- Roads and ways -- Services -- Common land and open spaces -- Wild creatures, sporting and conservation -- Trees and timbers -- Mines and quarries -- Covenants -- Planning -- The environment -- Agricultural and farm business tenancies -- Residential tenancies -- Business and other leases and licences -- Grants and subsidies -- The farming business -- Diversification -- The conveyancing process -- Searches and information -- Finance -- Proceedings and notices -- Taxation -- Checklists -- Enquiries before contract -- Precedents.
520 ## - SUMMARY, ETC.
Summary, etc. A guide to the complexities of advising on the sale and purchase of rural land, highlighting what the professional adviser must look for and how to structure the deal to avoid tax and other problems. This new edition takes account of such recent major legislative developments as the Single Farm Payment which came into effect in May 2005, the Land Registration Act 2002, the Countryside and Rights of Way Act 2000, Stamp Duty Land Tax, the Hunting Act 2004 and the Commons Bill 2006. Also includes specialist precedents and a completely new set of pre-contract enquiries.
520 ## - SUMMARY, ETC.
Summary, etc. Supersedes 1st ed (ISBN 0853085528)
590 ## - LOCAL NOTE (RLIN)
Local note IKA250406
690 ## - LOCAL SUBJECT ADDED ENTRY--TOPICAL TERM (OCLC, RLIN)
Topical term or geographic name as entry element PROPERTY-PROPERTY ACQUISITION AND DISPOSAL-CONVEYANCING
700 1# - ADDED ENTRY--PERSONAL NAME
Personal name Goulding, Henry
942 ## - ADDED ENTRY ELEMENTS (KOHA)
Suppress in OPAC 0
Holdings
Withdrawn status Lost status Source of classification or shelving scheme Damaged status Not for loan Home library Current library Shelving location Date acquired Total Checkouts Full call number Barcode Date last seen Date last checked out Copy number Price effective from Koha item type
    Dewey Decimal Classification     London London RICS Boxes 18/04/2006 12 346.410438 JES 30072894 06/08/2019 02/03/2009 1 06/08/2019 Book